000 00327nam a2200133Ia 4500
008 200103s9999||||xx |||||||||||||| ||und||
040 _aIMU-MPC
082 _aColumn-7
100 _aFernandes, Edrich
245 0 _aAdvanced Electronic Navigation
260 _bLBS Nautical and ngineering college
300 _a118
942 _cBK
999 _c3888
_d3888